El Sector público en la planificación del desarrollo /
שמור ב:
| מחבר ראשי: | |
|---|---|
| מחברים אחרים: | |
| פורמט: | Texto |
| יצא לאור: |
México D.F:
Siglo Veintiuno
|
| מהדורה: | 5 |
| תגים: |
הוספת תג
אין תגיות, היה/י הראשונ/ה לתייג את הרשומה!
|
MARC
| LEADER | 00000 a a2200000 04500 | ||
|---|---|---|---|
| 001 | 24656 | ||
| 003 | |||
| 040 | |||
| 090 | |a 169900 | ||
| 100 | |a Cibotti, Ricardo | ||
| 245 | |a El Sector público en la planificación del desarrollo / |c Ricardo Cibotti | ||
| 250 | |a 5 | ||
| 260 | |a México D.F: |b Siglo Veintiuno | ||
| 300 | |a 271 p |b **no definido** |b fonodiscos | ||
| 700 | |a Sierra, Enrique | ||
| 999 | |c 10026 |d 10026 | ||
